| 000 | 01052nam0a2200325 4500 | ||
|---|---|---|---|
| 001 | RU\NLR\BIBL_A\022246644 | ||
| 005 | 20240617161219.0 | ||
| 010 | _a978-5-0059-5311-7 | ||
| 021 |
_aRU _bКН-П-24-025185 _9КН-П-24-2596 |
||
| 035 | _a(NLR Aleph) 022246644 | ||
| 090 |
_a13176853 _c13176853 |
||
| 100 | _a20240607d2023 u y0rusy50 ca | ||
| 101 | 0 | _arus | |
| 102 | _aRU | ||
| 105 | _ay z 000ay | ||
| 181 | 0 |
_ai4 _baxxe |
|
| 182 | 0 | _an | |
| 200 | 1 |
_aПапины сказки _fСергей Мишутин |
|
| 203 |
_aТекст _bвизуальный _cнепосредственный |
||
| 210 |
_a[Б. м.] _cИздательские решения _d2023 |
||
| 215 |
_a57, [1] с. _cил. _d21 |
||
| 327 | 1 | _aСодерж.: Сонный гном; Новая жизнь старого полицейского | |
| 333 | _a6+ | ||
| 686 | 0 | _aШ9(2)62=Р7-2 | |
| 700 | 1 |
_aМишутин _bС. _gСергей |
|
| 942 | _cBOOK | ||
| 980 | _aNB | ||